A general introductory guide to the Egyptian collections in the British Museum.

Saved in:

Corporate Author: British Museum. Department of Egyptian and Assyrian Antiquities.

Format: Book

Language: English

Published: [London] : Trustees of the British Museum, 1964.

Subjects:

Tags: Add Tag

No Tags, Be the first to tag this record!

Call Number: DT59 .B76 1964

LEADER 00710namaa2200229 4500
001 3361
003 OSt
005 20260510110853.0
008 130303s1964 enkabh 000 0 eng d
010 |a 67125419 
035 |a ocm01488563 
040 |c ARCE Library 
043 |a f-ua--- 
050 4 |a DT59 .B76 1964 
110 2 |a British Museum.  |b Department of Egyptian and Assyrian Antiquities. 
245 1 2 |a A general introductory guide to the Egyptian collections in the British Museum. 
264 1 |a [London] :  |b Trustees of the British Museum,  |c 1964. 
300 |a xiii, 267 pages :  |b iillustrations, facsims, maps ;  |c 22 cm. 
651 0 |a Egypt  |x Antiquities. 
901 |a reviewed 
942 |c BK  |2 lcc 
999 |c 6468  |d 6468